000 00756nam a2200205 i 4500
001 121419
003 ES-MaACL
005 20230906191741.0
007 t|
008 070214s1973 sp r ||||1| spa d
100 1 _aPlacer Ugarte, Félix.
_992504
245 1 0 _aDesacralización y catequesis
_b: la sociología de la desacralización y la comunicación del mensaje de la fe según la constitución pastoral `Gaudium et Spes` /
_cFélix Placer Ugarte.
260 _aMadrid :
_bPropaganda Popular Católica,
_c1973.
300 _a221 p. ;
_c22 cm.
490 1 _aTeología y acción pastoral
650 1 4 _aIglesia y mundo.
_9136257
830 0 _aTeología y acción pastoral
_9183630
852 _aES-MaACL
_jC-52985
_bR.86258
999 _c121419
_d121419